UCM

Liderança em Gestão escolar (Record no. 56120)

MARC details
000 -LEADER
fixed length control field 00376nam a22001457a 4500
008 - FIXED-LENGTH DATA ELEMENTS--GENERAL INFORMATION
fixed length control field 260417b |||||||| |||| 00| 0 eng d
020 ## - INTERNATIONAL STANDARD BOOK NUMBER
International Standard Book Number 978 85 326 3620 1
100 ## - MAIN ENTRY--PERSONAL NAME
Personal name Luck, Heloisa
245 ## - TITLE STATEMENT
Title Liderança em Gestão escolar
250 ## - EDITION STATEMENT
Edition statement 4ª ed.
260 ## - PUBLICATION, DISTRIBUTION, ETC. (IMPRINT)
Place of publication, distribution, etc Lisboa
Name of publisher, distributor, etc Vozes
Date of publication, distribution, etc 2008
300 ## - PHYSICAL DESCRIPTION
Extent 165p
440 ## - SERIES STATEMENT/ADDED ENTRY--TITLE
Title Serie Cadernos de gestão
Volume number/sequential designation 4º vol.
942 ## - ADDED ENTRY ELEMENTS (KOHA)
Source of classification or shelving scheme Universal Decimal Classification
Item type Books
Holdings
Withdrawn status Lost status Source of classification or shelving scheme Damaged status Not for loan Collection code Home library Current library Shelving location Date acquired Total Checkouts Full call number Barcode Date last seen Copy number Price effective from Koha item type
    Universal Decimal Classification     Reference Lichinga - Faculdade de Gestão de Recursos Florestais e Faunísticos Lichinga - Faculdade de Gestão de Recursos Florestais e Faunísticos General Stacks 17/04/2026   371.2 22082391005 17/04/2026 1 17/04/2026 Books

Universidade Católica de Moçambique - Rua Marquês de Soveral, 960, Palmeiras II, Beira, Moçambique

Tel (Central): (+258) 23 313 077 - Fax: (+258) 23 311 520 - Email: reitoria@ucm.ac.mz - Web: www.ucm.ac.mz